| 000 | 00770nam a2200205Ii 4500 | ||
|---|---|---|---|
| 003 | JO-AjNU | ||
| 008 | 230606s9999||||xx |||||||||||||| ||und|| | ||
| 017 | _a548/3/2001 | ||
| 040 |
_aJO-AjNU _beng _erda _cJO-AjNU |
||
| 041 | _aeng | ||
| 050 | 1 | 4 | _aPC2117.M531 2009 |
| 100 | 3 |
_a/رشيد,أحمد تأليف /فريتاس,جورج م.مشارك, _eauthor _92720 |
|
| 245 | 0 | 0 | _aLe Guide de la Communication en Francais:دليل المحادثة باللغة الفرنسية |
| 264 | 3 | 1 | _aد.م:Geoges Freitas,2009 |
| 300 | _a93p | ||
| 336 |
_atext _btxt _2rdacontent |
||
| 337 |
_aunmediated _bn _2rdamedia |
||
| 338 |
_avolume _bnc _2rdacarrier |
||
| 650 | 4 |
_aLe Guide de la Communication en Francais-دليل المحادثة باللغة الفرنسية _92721 |
|
| 999 |
_aE1424 _c1424 _d1424 |
||